000 00788nam a22002777a 4500
001 BR8503062
003 BR-BrBNA
005 20230928092206.0
007 ta
008 230509b bl.||||| |||| 00| 0 por d
040 _aBR-BrBNA
_bpor
_cBiblioteca Nacional de Agricultura
041 _a(Por)
072 _aE50
_b4650
090 _ 4650 BR8503062
100 1 _aSilva, V.C.
245 1 _aEquipamento odontologico simplificado
_bApresentado no 3. Concurso Nacional de Tecnologias Apropriadas - Saude e Nutricao
260 3 _aUberlandia, MG (Brasil):
_c1985.
300 _a50 p.
500 _a45 illus.
650 _aTECNOLOGIA APROPRIADA
650 _aSAUDE PUBLICA
650 _aHIGIENE
650 _aSANEAMENTO RURAL
909 _a202309
_bLucia
_c55
_dLucia Elande
942 _cBK
999 _c37609
_d37609